000 00344cam a2200145ua 4500
041 _aeng
_h
082 _a822
_bMOL/MI
100 _aMoliere, J B P .
245 _aMiser /
_cJ B P Moliere.
_hTextual Documents
260 _aLondon :
_bOxford University Press ,
_c1962.
300 _a86 ; .
504 _a
942 _cBK
999 _c5156
_d5156